[Event "Staatsliga B/West"]
[Site "Jenbach"]
[Date "1998.11.29"]
[Round "4.4"]
[White "Mittelberger, Peter"]
[Black "Hengl, Christian"]
[Result "1-0"]
[WhiteElo "2230"]
[BlackElo "2180"]
[PlyCount "94"]
[EventDate "1998.10.17"]

1. e4 e6 2. d4 d5 3. Nc3 Nf6 4. Bg5 Bb4 5. e5 h6 6. Bd2 Bxc3 7. bxc3 Ne4 8. h4
c5 9. Qg4 g6 10. Bd3 Nxd2 11. Kxd2 Qa5 12. Rh3 cxd4 13. Bxg6 dxc3+ 14. Kd1 Rf8
15. Rf3 Qc5 16. Bh5 Nc6 17. Qf4 Qd4+ 18. Qxd4 Nxd4 19. Rf6 Bd7 20. Nf3 Nxf3 21.
Bxf3 Rh8 22. Rb1 b5 23. Rb3 Rc8 24. Be2 Rc5 25. Rf3 d4 26. Rf4 Rxe5 27. Rxd4
Rc5 28. Ra3 Rc7 29. Ra5 Ke7 30. Bxb5 Bxb5 31. Rxb5 Rd8 32. Rd3 f5 33. Rb3 Rdc8
34. Ra3 Kf6 35. Ke2 f4 36. g4 Rc6 37. Rxa7 Rb8 38. Ra3 Rb2 39. Rdxc3 Rxc2+ 40.
Rxc2 Rxc2+ 41. Kf3 h5 42. gxh5 Kf5 43. h6 Rc7 44. Ra8 Rc3+ 45. Kg2 Rc7 46. Ra5+
Kg4 47. Rg5+ Kxh4 1-0

[Event "Staatsliga B/West"]
[Site "Jenbach"]
[Date "1998.11.29"]
[Round "4.5"]
[White "Kapferer, Romed"]
[Black "Novkovic, Julia"]
[Result "0-1"]
[WhiteElo "2080"]
[BlackElo "2135"]
[PlyCount "78"]
[EventDate "1998.10.17"]

1. e4 c5 2. d4 cxd4 3. c3 Nf6 4. e5 Nd5 5. Bc4 Nb6 6. Bb3 e6 7. cxd4 d6 8. Nf3
dxe5 9. Nxe5 N8d7 10. O-O Nf6 11. Nc3 Be7 12. Be3 O-O 13. Qf3 a5 14. a3 a4 15.
Ba2 Nbd5 16. Bxd5 Nxd5 17. Nxd5 exd5 18. Rac1 Ra5 19. Rc3 Rb5 20. Rfc1 Be6 21.
R1c2 Qb6 22. Qe2 Bf5 23. Rd2 Bf6 24. h3 Rd8 25. Nd3 Bxd3 26. Rcxd3 Rc8 27. Rc2
Rxc2 28. Qxc2 Rxb2 29. Qxa4 Rb1+ 30. Rd1 Rxd1+ 31. Qxd1 h6 32. Qd3 Qb2 33. a4
Qa1+ 34. Kh2 Qxa4 35. Qf5 Qc6 36. g3 b5 37. Qf4 Qb6 38. Qf5 Qb7 39. Qg4 Kf8 0-1

[Event "Staatsliga B/West"]
[Site "Jenbach"]
[Date "1998.11.29"]
[Round "4.1"]
[White "Gaertner, Guntram"]
[Black "Dobosz, Henryk"]
[Result "1/2-1/2"]
[WhiteElo "2340"]
[BlackElo "2405"]
[PlyCount "21"]
[EventDate "1998.10.17"]

1. d4 c5 2. c3 e6 3. Nf3 d5 4. Bf4 Nc6 5. e3 Bd6 6. Bxd6 Qxd6 7. Bb5 Bd7 8.
Bxc6 Bxc6 9. dxc5 Qxc5 10. Qd4 Qxd4 11. cxd4 1/2-1/2

[Event "Staatsliga B/West"]
[Site "Jenbach"]
[Date "1998.11.29"]
[Round "4.2"]
[White "Lutzenberger, Reimund"]
[Black "Thoma, Robert"]
[Result "1/2-1/2"]
[WhiteElo "2275"]
[BlackElo "2285"]
[PlyCount "43"]
[EventDate "1998.10.17"]

1. e4 c5 2. Nf3 e6 3. c3 d5 4. exd5 Qxd5 5. d4 Nf6 6. Bd3 Be7 7. O-O O-O 8. Qe2
Nc6 9. Rd1 cxd4 10. cxd4 Nb4 11. Nc3 Qh5 12. Bc4 Rd8 13. Bg5 h6 14. Bh4 Bd7 15.
Qe5 Nc6 16. Qxh5 Nxh5 17. Bxe7 Nxe7 18. d5 exd5 19. Nxd5 Nxd5 20. Bxd5 Be8 21.
Rd2 Nf6 22. Bb3 1/2-1/2

[Event "Staatsliga B/West"]
[Site "Jenbach"]
[Date "1998.11.29"]
[Round "4.3"]
[White "Amann, Guenter"]
[Black "Kranz, Armin"]
[Result "1-0"]
[WhiteElo "2260"]
[BlackElo "2185"]
[PlyCount "99"]
[EventDate "1998.10.17"]

1. d4 Nf6 2. Nf3 e6 3. g3 d5 4. Bg2 Be7 5. O-O O-O 6. c4 c6 7. Nc3 b6 8. Ne5
Bb7 9. e4 Nbd7 10. Nxc6 Bxc6 11. exd5 exd5 12. cxd5 Bb7 13. d6 Bxg2 14. dxe7
Qxe7 15. Kxg2 Rfd8 16. Bg5 h6 17. Bxf6 Nxf6 18. Qd2 Qb4 19. Rad1 Qc4 20. d5 Rd7
21. Qd4 Qa6 22. Rfe1 Rad8 23. Re5 Qb7 24. g4 Qb8 25. f3 Nh7 26. Rde1 Nf8 27.
Qe4 Ng6 28. Re8+ Kh7 29. Rxd8 Rxd8 30. Kg1 Kg8 31. Nb5 Kf8 32. Nd4 Re8 33.
Qxe8+ Qxe8 34. Rxe8+ Kxe8 35. Nf5 Nf4 36. Nxg7+ Kf8 37. Nf5 Nxd5 38. Nxh6 Nb4
39. a3 Nd3 40. b3 Ne1 41. Nf5 Nxf3+ 42. Kg2 Nd2 43. Nd4 Ke7 44. h4 a6 45. Kf2
Nb1 46. a4 Nd2 47. Ke3 Nf1+ 48. Kf4 Kf6 49. h5 Nd2 50. Nf5 1-0

[Event "Staatsliga B/West"]
[Site "Jenbach"]
[Date "1998.11.29"]
[Round "4.4"]
[White "Genduso, Carmelo"]
[Black "Spiegel, Wilfried"]
[Result "1-0"]
[WhiteElo "2210"]
[BlackElo "2165"]
[PlyCount "88"]
[EventDate "1998.10.17"]

1. e4 e6 2. d4 d5 3. e5 c5 4. c3 Nc6 5. Nf3 Qb6 6. a3 c4 7. Nbd2 f6 8. Be2 Bd7
9. O-O Na5 10. b4 cxb3 11. Rb1 O-O-O 12. c4 dxc4 13. Nxc4 Nxc4 14. Bxc4 Ne7 15.
Bxb3 Nd5 16. Bd2 Qa6 17. a4 Kb8 18. a5 Bb5 19. Re1 Bd3 20. Ra1 Be7 21. Bxd5
Rxd5 22. Bf4 Ka8 23. Re3 Bg6 24. exf6 gxf6 25. Qe1 f5 26. Qc3 Qc6 27. Bg5 Bxg5
28. Nxg5 Rc8 29. Qb4 h6 30. Nh3 Bf7 31. Nf4 Rd7 32. d5 Qc4 33. Qxc4 Rxc4 34.
dxe6 Bxe6 35. Nxe6 Re7 36. Rd1 b6 37. g3 Kb8 38. Rd8+ Rc8 39. Rxc8+ Kxc8 40.
Nf8 Rc7 41. Ng6 Kd7 42. f4 b5 43. Rb3 Kc6 44. Nh4 Rf7 1-0